20 Tallest buildings in the world - Statistics

General Stats
  • This quiz has been taken 8 times
  • The average score is 5 of 20
Answer Stats
Answer % Correct
1. Dubai,UAE Burj Khalifa
100%
6. New York,USA One World Trade Center
86%
10. Taipei,Taiwan Taipei 101
71%
20. Chicago, USA Willis Tower
71%
16. Kuala Lumpur, Malaysia Petronas Towers
57%
2. Shanghai,China Shanghai tower
57%
5. Seoul,South Korea Lotte World Tower
29%
4. Shenzhen,China Ping An
29%
3. Mecca,Saudi Arabia Abraj Al Bait
14%
11. Shanghai,China Shanghai World Financial Center
14%
15. Changsha,China Changsha IFS Tower T1
0%
9. Shanghai,China China Zun
0%
7. Guangzhou,China Guangzhou CTF Finance Centre
0%
12. Hong Kong International Commerce Centre
0%
13. St. Petersburg,Russia Lakhta Center
0%
14. Ho Chi Minh City, Vietnam Landmark 81
0%
19. Suzhou,China Suzhou IFS
0%
17. Kuala Lumpur, Malaysia The Exchange 106
0%
8. Tianjin,China Tianjin CTF Finance Centre
0%
18. Nanjing, China Zifeng Tower
0%
No matching quizzes found
Score Distribution
Percent of People with Each Score
Percentile by Number Answered
Your Score History
You have not taken this quiz